Akta Pusat Jagaan 1993 (Akta 506) & Peraturan-peraturan dan Care Centres Act 1993 (Act 506) & Regulations : (Hingga 10hb Julai 2007)

Bibliographic Details
Corporate Authors: Malaysia, International Law Book Services
Format: Book
Language:Malay
Published: Selangor : ILBS , 2007
Subjects:

MARC

LEADER 00000cam a2200000 7i4500
001 0000022571
005 20101011.0
008 100219s my # may
020 |a 9678906368 ,   |c RM15.75 
040 |a INS 
090 0 0 |a KPG1542.O42   |b M4 2007 
110 1 |a Malaysia 
240 0 0 |a [Akta Pusat Jagaan 1993 (Akta 506)] 
245 1 0 |a Akta Pusat Jagaan 1993 (Akta 506) & Peraturan-peraturan dan Care Centres Act 1993 (Act 506) & Regulations :   |b (Hingga 10hb Julai 2007)   |c disusun oleh Lembaga Penyelidikan Undang-Undang 
260 |a Selangor :   |b ILBS ,   |c 2007 
300 |a xi :   |b 73 p. ;   |c 24 cm. 
650 0 0 |a Nursing homes   |x Law and legislation   |z Malaysia 
710 1 |a International Law Book Services ,   |c Lembaga Penyelidikan Undang-Undang 
740 0 |a Undang-Undang Malaysia 
999 |a 0000021421   |b BOOK   |c Acts   |e Default branch